Frida y su mundo : fotografías /

Shranjeno v:
Bibliografske podrobnosti
Glavni avtor: Alvarez Bravo, Lola (fotógrafo)
Drugi avtorji: Monsiváis, Carlos (texto) (texto), Pellicer, Carlos (texto) (texto)
Format: Knjiga
Jezik:španščina
Izdano: México : Galería Juan Martín, 1991, c1991
Teme:
Oznake: Označite
Brez oznak, prvi označite!

MARC

LEADER 00000nam^a2200000^a^4500
001 000561258
005 20250526000000.0
009 20260310131920.272
037 |a Acervo ITESO - Biblioteca 
041 |a GRA 
041 |a ESP 
082 |a 770. 972  |b ALV MON 
100 |a Alvarez Bravo, Lola  |e (fotógrafo) 
245 1 0 |a Frida y su mundo :  |b fotografías /  |c Fotógrafo L. Alvarez Bravo ; texto de C. Mosiváis, C. Pellicer. 
264 4 |a México :  |b Galería Juan Martín,  |c 1991, c1991 
300 |a [20 p.] ;  |c 22.5 cm. 
336 |a texto  |b txt  |2 rdacontenido 
337 |a sin mediación  |b n  |2 rdamedio 
338 |a volumen  |b nc  |2 rdasoporte 
546 |a Edición gráfica con texto en español 
649 |a XX 
650 |a Fotógrafos Mexicanos 
650 |a Artistas Mexicanos 
650 |a Mujeres Mexicanas 
650 |a Retrato (Fotografía) -  |z México -  |x Tema Principal 
650 |a Fotografía en Blanco y Negro -  |z México 
650 |a Fotografía Mexicana -  |y Siglo XX 
650 |a Arte Mexicano -  |y Siglo XX 
650 |a Kahlo, Frida -  |x Tema Principal 
650 |a Alvarez Bravo, Lola -  |x Tema Principal 
700 |a Monsiváis, Carlos  |e (texto) 
700 |a Pellicer, Carlos  |e (texto) 
910 |a Fondo Pedro Valtierra 
920 |a Impresos - Libros 
930 |a Libros Antiguos y Raros 
905 |a 129 
901 |a 0500365587  |b IT2  |c LRA  |i D  |u 20250526 
902 |a https://opac.biblio.iteso.mx/vufind/Record/000561258